000 00706nam a22002537a 4500
001 9541
003 FISKH
005 20260120122901.0
008 260120b cb ||||| |||| 00| 0 eng d
040 _aFISKH
_beng
_cFISKH
_dFISKH
050 _aPZ7
082 _a823.914
100 _aAnonymous
_eAuthor
245 _aChristopher Robin /
260 _aFlorida :
_bDisney Enterprises Inc. ,
_c2018
300 _a8 unnumbered pages :
_bcolor illustrations ;
_c9 cm
505 _aC
520 _aA board book of Christopher Robin based on the "Winnie the pooh" works.
521 8 _a150
_bLexile BR
521 8 _aC
_bRaz-Plus
650 _aBoard book
_vPooh
942 _2ddc
_cBK
_n0
999 _c9541
_d9541